[Event "BEL-ch op"]
[Site "Namur"]
[Date "2006.07.04"]
[Round "4"]
[White "Schleck, Victor"]
[Black "Soors, Stef"]
[Result "0-1"]
[WhiteElo "1624"]
[BlackElo "1870"]
[PlyCount "56"]
[EventDate "2006.07.01"]
[EventType "swiss"]
[EventRounds "9"]
[EventCountry "BEL"]
[SourceTitle "CBM 113 Extra"]
[Source "ChessBase"]
[SourceDate "2006.09.14"]
[SourceVersion "1"]
[SourceVersionDate "2006.09.14"]
[SourceQuality "1"]

1. e4 c5 2. Nf3 d6 3. d4 cxd4 4. Nxd4 Nf6 5. Nc3 a6 6. f3 e5 7. Nb3 Be6 8. Be3 Be7 9. Qd2 Nbd7 10. Nd5 Nxd5 11. exd5 Bf5 12. Bd3 Bg6 13. Bxg6 hxg6 14. 0-0-0 a5 15. Qd3 Qc7 16. Kb1 Rc8 17. Rc1 f5 18. g3 a4 19. Nd2 Nc5 20. Bxc5 Qxc5 21. h4 0-0 22. c4 Bf6 23. h5 Qb4 24. b3 axb3 25. Nxb3 Ra8 26. Rc2 e4 27. fxe4 fxe4 28. Qxe4 Qxb3+ 0-1